002700000a2200073000450024500820000004100140008210000350009677300650013110aReproducción de Melanosuchus niger Spix, 1825, caimán negro en cautiverio0 aEspañol1 aNeira Martínez, Jorge Arturo1 tTrianeakActa Científica y Tecnológicah5q109-121d1994